00385nam a22001457a 450000500170000002000150001703500130003203700130004508200100005810000160006824500490008426000430013327000360017630000270021220180618140505.0 a8172244800 aA-760438 bBPPD/PUB a651.7 aScott Bill  aThe Skills of Communicating cby Bill Scott  aBombay bJaico Publishing House c1995 a121, M G Road bBombay e400001 axi, 197p. c20 cm (Hb)